Ramon Morrero Aristy: El negro más caro de Trujillo / Manuel Nova (Registro nro. 11565)
[ vista simple ]
| 000 -LEADER | |
|---|---|
| fixed length control field | 00512nam a22001811a 4500 |
| 001 - CONTROL NUMBER | |
| control field | 11565 |
| 003 - CONTROL NUMBER IDENTIFIER | |
| control field | OSt |
| 005 - DATE AND TIME OF LATEST TRANSACTION | |
| control field | 20260204212248.0 |
| 008 - FIXED-LENGTH DATA ELEMENTS--GENERAL INFORMATION | |
| fixed length control field | 130116s2012||||dr ||||||b||||||||||spa|| |
| 050 ## - LIBRARY OF CONGRESS CALL NUMBER | |
| Classification number | RD 928.7293 N857r |
| 100 ## - ASIENTO PRINCIPAL -- NOMBRE PERSONAL | |
| Personal name | Nova, Manuel |
| 245 ## - TÍTULO PROPIAMENTE DICHO: SUBTÍTULO | |
| Title | Ramon Morrero Aristy: El negro más caro de Trujillo / Manuel Nova |
| 264 ## - PRODUCTION, PUBLICATION, DISTRIBUTION, MANUFACTURE, AND COPYRIGHT NOTICE | |
| Place of production, publication, distribution, manufacture | República Dominicana : Ideas Edificadas SRL |
| 300 ## - PHYSICAL DESCRIPTION | |
| Extensión | 150 |
| 500 ## - GENERAL NOTE | |
| General note | Incluye bibliografia |
| 650 ## - ASIENTO SECUNDARIO DE MATERIA -- TERMINO TEMÁTICO | |
| Termino Temático Como Elemento de Entrada | Marrero Aristy, Ramon - BiografíaÌ |
| 942 ## - ADDED ENTRY ELEMENTS (KOHA) | |
| Source of classification or shelving scheme | Dewey Decimal Classification |
| Koha item type | Libros |
| Withdrawn status | Lost status | Source of classification or shelving scheme | Damaged status | Not for loan | Current library | Date acquired | Total Checkouts | Full call number | Barcode | Date last seen | Price effective from | Koha item type |
|---|---|---|---|---|---|---|---|---|---|---|---|---|
| Dewey Decimal Classification | Biblioteca UTECO | 09/09/2019 | RD 928.7293 N857R | 016702 | 09/09/2019 | 09/09/2019 | Libros |
